Detalles MARC
| 000 -CABECERA |
| Longitud fija campo de control |
03896cam a2200385 i 4500 |
| 003 - IDENTIFICADOR DEL NUMERO DE CONTROL |
| Identificador del número de control |
CO-BoRNBP |
| 005 - FECHA Y HORA DE LA ULTIMA TRANSACCION |
| Fecha y hora de la última transacción |
20241018093931.0 |
| 007 - CAMPO FIJO DE DESCRIPCION FISICA |
| Campo fijo de descripción física |
ta |
| 008 - CODIGOS DE INFORMACION DE LONGITUD FIJA |
| Códigos de información de longitud fija |
110721s2010 ck frb 000 p spa d |
| 020 ## - NUMERO INTERNACIONAL NORMALIZADO PARA LIBROS |
| Número Internacional Normalizado para Libros (ISBN) |
9789588250939 |
| 040 ## - FUENTE DE LA CATALOGACION |
| Centro catalogador de origen |
CO-BoUNC |
| Lengua de catalogación |
spa |
| Normas de descripción |
rda |
| Centro transcriptor |
CO-BoUNC |
| 082 04 - NUMERO DE LA CLASIFICACION DECIMAL DEWEY |
| Número de clasificación (R) |
861.865 |
| Número del ítem |
A786tm |
| Número de edición |
23 |
| 100 1# - PUNTO DE ACCESO PRINCIPAL-NOMBRE DE PERSONA |
| Nombre de persona |
Artel, Jorge |
| Fechas asociadas al nombre |
1909-1994 |
| Término indicativo de función |
autor |
| 245 10 - TITULO PROPIAMENTE DICHO |
| Título |
Tambores en la noche / |
| Mención de responsabilidad, etc. |
Jorge Artel ; prólogo, Gabriel Ferrer Ruiz. |
| 250 ## - MENCION DE EDICION |
| Mención de edición |
Primera edición |
| 264 #1 - PRODUCCION, PUBLICACION , DISTRIBUCION, FABRICACION Y COPYRIGHT |
| Lugar de producción, publicación, distribución, fabricación |
Bogotá : |
| Nombre del productor, editor, distribuidor, fabricante |
Ministerio de Cultura, |
| Fecha de de producción, publicación, distribución, fabricación o copyright |
2010. |
| 300 ## - DESCRIPCION FISICA |
| Extensión |
138 páginas ; |
| Dimensiones |
21 cm. |
| 336 ## - TIPO DE CONTENIDO |
| Término de tipo de contenido |
texto |
| Código de tipo de contenido |
txt |
| Fuente |
rda contenido |
| 337 ## - TIPO DE MEDIO |
| Nombre del tipo de medio |
sin mediación |
| Código del tipo de medio |
n |
| Fuente |
rda medio |
| 338 ## - TIPO DE SOPORTE |
| Nombre del tipo de soporte |
volumen |
| Código del tipo de soporte |
nc |
| Fuente |
rda soporte |
| 490 1# - MENCION DE SERIE |
| Mención de serie |
Biblioteca de literatura afrocolombiana |
| Designación de volumen o secuencia |
10 |
| 504 ## - NOTA DE BIBLIOGRAFIA, ETC |
| Nota de bibliografía, etc. |
Incluye referencias bibliográficas |
| 505 2# - NOTA DE CONTENIDO CON FORMATO |
| Nota de contenido con formato |
La edificación de la poesía con imágenes sonoras en Tambores de la noche / Gabriel Ferrer Ruiz -- Negro soy -- La voz de los ancestros -- ¡Danza, mulata! -- La cumbia -- Tambores en la noche -- Velorio del boga de gaitas -- Barrio abajo -- Mr. Davi -- Sensualidad negra -- Bullerengue -- El líder negro -- Dancing -- ROmance mulato -- Puerto -- Canción en el extremo de un retorno -- El minuto en que vuelven -- Extramuros -- La canción -- Ese muchacho negro -- Cartagen 3 a.m -- Mi canción -- Noche del chocó -- Barlovento -- Palenque -- Isla de Barú -- Canción en tiempo de porro -- Los chimichimitos -- El lenguaje misterioso -- Alto congo -- Argeliana -- Soneto más negro -- La ruta dolorosa -- El mismo hierro -- Harlem -- Al drummer negro de un jazz session -- Superstición -- Encuentro -- Palabras a la ciudad de Nueva York -- Playa de varadero -- Yanga -- Mapa África -- Poema sin odios ni temores |
| 520 1# - NOTA DE RESUMEN |
| Resumen, etc, |
Jorge Artel nació en Cartagena (1909) y murió en Barranquilla (1994). Su nombre de pila era Agapito de Arcos. Fue abogado, funcionario, catedrático y periodista. Viajó mucho dando recitales, en especial en universidades de Estados Unidos. Vivió en Panamá, Medellín y Barranquilla, donde fue rector de la Universidad Simón Bolívar. Fue militante de izquierda y escribió poesía de reivindicación social. Por ello estuvo preso el 9 de abril de 1948 y exiliado en Venezuela, Centro y Norteamérica. Considerado heredero directo de la obra de Candelario Obeso, Artel fue el primero en abordar desde el verso libre la tradición africana en el país, y en suprimir el exotismo y el estereotipo de la poesía de tema negro. Sus poemas parecen canciones, son versos escritos para ser tarareados y ponerles música. Escribió poemas-porro, poemas-bullerengue, con un sentido del ritmo basado en lo percutivo; también poesóa conversacional, apoyada en el habla popular con pronunciación caribeña, formas cortadas, trovas, coplas y décimas. Gabriel Ferrer Ruiz, en el prólogo, enumera su temética: "Artel incluye la naturaleza, la cotidianidad del hombre caribe y sus espacios y motivos: el mar, el puerto, el viaje, la búsqueda del otro; también abre el verso a la libertad de otras voces: las del ancestro, las del negro y el blanco en contradicción, las de la naturaleza -el viento, el rugido del mar-, las del ritmo -el tambor, la gaita-, las del cuerpo, la sensualidad del negro y su unión con el entorno". |
| 600 14 - PUNTO DE ACCESO ADICIONAL DE MATERIA - NOMBRE DE PERSONA |
| Nombre de persona |
Artel, Jorge |
| Fechas asociadas al nombre |
1909-1994 |
| Subdivisión de materia general (R ) |
Crítica e interpretación |
| 650 17 - PUNTO DE ACCESO ADICIONAL DE MATERIA - TERMINO DE MATERIA |
| Término de materia o nombre geográfico como elemento inicial |
Poesía colombiana |
| Subdivisión cronológica |
Siglo XX |
| Fuente del encabezamiento |
LEMB |
| 650 17 - PUNTO DE ACCESO ADICIONAL DE MATERIA - TERMINO DE MATERIA |
| Término de materia o nombre geográfico como elemento inicial |
Autores negros |
| Subdivisión geográfica |
Colombia |
| Subdivisión cronológica |
Siglo XX |
| Fuente del encabezamiento |
LEMB |
| 650 17 - PUNTO DE ACCESO ADICIONAL DE MATERIA - TERMINO DE MATERIA |
| Término de materia o nombre geográfico como elemento inicial |
Identidad cultural |
| Fuente del encabezamiento |
LEMB |
| 650 17 - PUNTO DE ACCESO ADICIONAL DE MATERIA - TERMINO DE MATERIA |
| Término de materia o nombre geográfico como elemento inicial |
Vida cotidiana en la poesía |
| Fuente del encabezamiento |
LEMB |
| 650 17 - PUNTO DE ACCESO ADICIONAL DE MATERIA - TERMINO DE MATERIA |
| Término de materia o nombre geográfico como elemento inicial |
Literatura colombiana |
| Subdivisión cronológica |
Siglo XX |
| Fuente del encabezamiento |
ARMARC |
| 700 1# - PUNTO DE ACCESO ADICIONAL - NOMBRE DE PERSONA |
| Nombre de persona |
Ferrer Ruiz, Gabriel Alberto |
| Fechas asociadas al nombre |
1960- |
| Término indicativo de función |
escritor de prólogo |
| 740 32 - PUNTO DE ACCESO ADICIONAL - TITULO RELACIONADO O ANALITICO NO CONTROLADO |
| Título relacionado o analítico no controlado |
La edificación de la poesía con imágenes sonoras en Tambores de la noche |
| 830 #0 - PUNTO DE ACCESO ADICIONAL DE SERIE - TITULO UNIFORME |
| Título uniforme |
Biblioteca de literatura afrocolombiana |
| Designación de volumen o secuencia |
10 |
| 942 ## - ENTRADA DE ELEMENTOS AGREGADOS (KOHA) |
| Fuente de clasificaión o esquema |
Dewey Decimal Classification |
| Koha [por defecto] tipo de item |
LIbro |